Countries, US States, Capitals, Elements, 100 Most Common Words: Using half the alphabet (eg letters A-M) - Statistics

General Stats
  • This quiz has been taken 82 times
  • The average score is 30 of 57
Answer Stats
ANSWER % Correct
{}F{i}j{i}
89%
{}O{}h{io}
83%
{}D{i}l{i}
80%
{}Y{}o{ur}
80%
{C}h{}a{d}
78%
{Li}m{}a{}
78%
{}M{}a{li}
78%
{N}e{}o{n}
77%
{O}s{}l{o}
77%
{}T{}h{is}
75%
{}W{or}k{}
75%
{}B{e}n{in}
70%
{}I{}r{on}
70%
{}K{no}w{}
70%
{}L{e}a{d}
70%
{}K{oso}v{o}
67%
{}M{}a{ke}
67%
{}F{}r{om}
66%
{G}o{l}d{}
66%
{}J{}u{st}
66%
{}M{}a{le}
66%
{}N{i}c{kel}
64%
{L}o{o}k{}
63%
{M}i{}s{sissippi}
63%
{G}o{o}d{}
61%
{L}o{m}e{}
61%
{B}a{c}k{}
59%
{Dh}a{}k{a}
58%
{}L{ik}e{}
58%
{I}o{}d{ine}
56%
{J}a{}m{aica}
55%
{}M{os}t{}
55%
{L}o{n}d{on}
53%
{G}a{}m{bia}
52%
{}I{llinoi}s{}
52%
{}T{}h{ink}
52%
{}C{hi}l{e}
50%
{Osm}i{}u{m}
48%
{M}i{sso}u{ri}
47%
{T}u{n}i{s}
47%
{}C{}o{me}
45%
{}I{n}t{o}
45%
{}A{laba}m{a}
42%
{M}i{n}s{k}
41%
{B}a{g}h{dad}
38%
{Lin}c{}o{ln}
36%
{Mo}r{on}i{}
36%
{}T{r}i{poli}
31%
{Polon}i{}u{m}
23%
{Pl}u{ton}i{um}
22%
{}P{}e{ople}
19%
{Q}u{}i{to}
19%
{Kig}a{}l{i}
16%
{Stront}i{}u{m}
13%
{}B{eiji}n{g}
11%
{}P{hnom P}e{nh}
2%
{Port Lo}u{}i{s}
2%
No matching quizzes found
Score Distribution
Percent of People with Each Score
Percentile by Number Answered
Your Score History
You have not taken this quiz